Selekcjonerzy reprezentacji Belgii - nagła śmierć - Statystyki

Ogólne statystyki
  • Ten quiz został rozwiązany 29 razy
  • Średni wynik to 5 z 6
Answers on the Grid
Answers color-coded by a green-red scale on the quiz's grid according to % correct below.
Domenico Tedesco
Louis van Gaal
Jürgen Klopp
Roberto Martínez
Pep Guardiola
Marc Wilmots
Dick Advocaat
José Mourinho
Erik ten Hag
Georges Leekens
Marcello Lippi
Robert Waseige
 
Statystyki odpowiedzi
Odpowiedź % Poprawnych
Domenico Tedesco
83%
Georges Leekens
83%
Marc Wilmots
83%
Roberto Martínez
83%
Robert Waseige
74%
Dick Advocaat
70%
Nie znaleziono quizów pasujących do podanych kryteriów
Rozkład punktacji
Procent ludzi z każdym wynikiem
Percentyl według liczby udzielonych odpowiedzi
Twoja historia wyników
Nie rozwiązałeś tego quizu